Old flags of countries - Statistics

General Stats
  • This quiz has been taken 6,775 times
  • The average score is 17 of 24
Answer Stats
Picture Answer % Correct
Germany
95%
China
94%
Italy
89%
France
86%
Spain
83%
Sweden
83%
Argentina
82%
Canada
82%
Mexico
81%
Brazil
80%
Portugal
79%
Russia
78%
Venezuela
77%
Austria
72%
Wales
71%
Syria
70%
Greece
69%
Haiti
69%
South Africa
68%
Libya
61%
Egypt
54%
Bosnia and Herzegovina
40%
Georgia
38%
Myanmar
32%
No matching quizzes found
Score Distribution
Percent of People with Each Score
Percentile by Number Answered
Your Score History
You have not taken this quiz